| 000 | 00497nam a2200169Ia 4500 | ||
|---|---|---|---|
| 999 |
_c34976 _d34976 |
||
| 003 | OSt | ||
| 005 | 20200201105842.0 | ||
| 008 | 190216s9999||||xx |||||||||||||| ||und|| | ||
| 040 | _coclc | ||
| 082 |
_a305.51220954 _bRAJ/D |
||
| 100 |
_aRajshekar, V T _9345 |
||
| 245 | 0 |
_aDevelopment Redefined / _cV T Rajshekar |
|
| 260 |
_bDalit Sahitya Akademy, _c2006. _aBangalore: |
||
| 300 | _a85p | ||
| 650 | _aPolitics | ||
| 942 |
_cBK _2ddc _h305.51220954 _iRAJ/D _k305.51220954 _mRAJ/D |
||